000 00389nam a2200133Ia 4500
008 100328s9999 xx 000 0 und d
082 _b50724
100 _aभिडे चारुशीला
245 _aप्रकाश किरण.
260 _bदेविका
630 _aप्रकाश किरण.
730 _aप्रकाश किरण.
942 _cBOOK
999 _c537807
_d537804